000 00397nam a2200145Ia 4500
008 240624s9999 xx 000 0 und d
041 _aeng
082 _a302.35 CUM
100 _aCUMMING THOMAS G
245 _aORGANIZATIONAL DEVELOPMENT AND CHANGE
250 _a(7th ed.)
260 _c2005
_aSingapore
_bSouth Western Thomson Learning
300 _axxii, : 706 : p. : cm. ; 24
365 _cRS
_b25
999 _c4223
_d4223